Управление организационным знанием промышленного предприятия Диссертации и авторефераты
Оъектом исследования является организационное знание промышленного предприятия. Предметом исследования являются управленческие отношения возникающие в процессе генерирования организационного знания нa промышленном предприятии....
Guardado en:
| Autor principal: | |
|---|---|
| Formato: | Диссертации и авторефераты |
| Edición: | 1 |
| Acceso en línea: | https://znanium.com/catalog/document?id=25532 https://znanium.com/cover/0445/445786.jpg |
| Etiquetas: |
Agregar Etiqueta
Sin Etiquetas, Sea el primero en etiquetar este registro!
|
| LEADER | 01820nam0a2200289 i 4500 | ||
|---|---|---|---|
| 001 | RU\infra-m\znanium\bibl\445786 | ||
| 003 | https://znanium.com/catalog/document?id=25532 | ||
| 005 | 20200212000000.0 | ||
| 100 | |a 20200212d2013 m y0rusy0150 ca | ||
| 101 | 0 | |a rus | |
| 102 | |a RU | ||
| 200 | 1 | |a Управление организационным знанием промышленного предприятия |e Диссертации и авторефераты | |
| 205 | |a 1 | ||
| 215 | |a 23 с. | ||
| 330 | |a Оъектом исследования является организационное знание промышленного предприятия. Предметом исследования являются управленческие отношения возникающие в процессе генерирования организационного знания нa промышленном предприятии. | ||
| 333 | |a ВО - Магистратура | ||
| 606 | |a Управление (менеджмент) |x Теория организации |2 local | ||
| 606 | |a Управление (менеджмент) |x Менеджмент в промышленности |2 local | ||
| 608 | |a Диссертации и авторефераты |2 local | ||
| 675 | |a 658 |z rus | ||
| 686 | |a 6529 |2 rubbk | ||
| 686 | |a 38.04.01 |2 okso | ||
| 686 | |a 38.04.02 |2 okso | ||
| 700 | 1 | |a Андреева |b Н. Ю. |g Наталья Юрьевна | |
| 801 | 0 | |a RU |b Общество с ограниченной ответственностью «ЗНАНИУМ» |c 20131106 |2 rusmarc | |
| 856 | 4 | |a znanium.com |m ebs_support@infra-m.ru |n НИЦ ИНФРА-М |u https://znanium.com/catalog/document?id=25532 | |
| 856 | 4 | 1 | |a znanium.com |d /cover/0445 |f 445786.jpg |q image/jpeg |u https://znanium.com/cover/0445/445786.jpg |